European major football league winners 1996-2016 - Statistics

General Stats
  • This quiz has been taken 5,172 times
    4,270 since last reset
  • The average score is 110 of 119
Answer Stats
Season Premier League % Correct
Barcelona
99%
Bayern Munich
99%
FC Bayern Munich
99%
| 1996-97 | 1998-99 | +8 others Manchester United
99%
Real Madrid
99%
AC Milan
98%
Barcelona
98%
| 2004-05 | 2005-06 | +2 others Chelsea
98%
Juventus
98%
2011-12 | 2013-14 Manchester City
98%
Paris Saint-Germain
98%
Borussia Dortmund
97%
Internazionale
97%
Paris Saint-Germain
97%
1997-98 | 2001-02 | 2003-04 Arsenal
95%
Atlético Madrid
93%
Liverpool
92%
Lyon
92%
2015-16 Leicester City
89%
Barcelona
88%
Marseilles
87%
Roma
83%
Valencia
82%
FC Porto
80%
AS Monaco
79%
Lille
74%
Lazio
73%
VfL Wolfsburg
64%
Bordeaux
58%
Deportivo La Coruña
58%
Montepellier
58%
Bordeaux
57%
SV Werder Bremen
54%
VfB Stuttgart
51%
Nantes
50%
Lens
26%
1. FC Kaiserslautern
25%
No matching quizzes found
Score Distribution
Percent of People with Each Score
Percentile by Number Answered
Your Score History
You have not taken this quiz since the last reset